İşte Yalova / (Record no. 73959)
[ view plain ]
| 000 -LEADER | |
|---|---|
| fixed length control field | 00872 a2200301 4500 |
| 001 - CONTROL NUMBER | |
| control field | 73959 |
| 003 - CONTROL NUMBER IDENTIFIER | |
| control field | TR-AnTOB |
| 005 - DATE AND TIME OF LATEST TRANSACTION | |
| control field | 20190904164347.0 |
| 008 - FIXED-LENGTH DATA ELEMENTS--GENERAL INFORMATION | |
| fixed length control field | 090303s2001 tu 00000 tur |
| 020 ## - INTERNATIONAL STANDARD BOOK NUMBER | |
| International Standard Book Number | 9759772000 |
| 040 ## - CATALOGING SOURCE | |
| Original cataloging agency | TR-AnTOB |
| Transcribing agency | TR-AnTOB |
| 041 ## - LANGUAGE CODE | |
| Language code of text/sound track or separate title | Türkçe |
| 050 ## - LIBRARY OF CONGRESS CALL NUMBER | |
| Classification number | DR741.Y35 |
| Item number | I84 2001 |
| 090 ## - LOCALLY ASSIGNED LC-TYPE CALL NUMBER (OCLC); LOCAL CALL NUMBER (RLIN) | |
| Classification number (OCLC) (R) ; Classification number, CALL (RLIN) (NR) | DR741.Y35 I84 2001 |
| 245 #0 - TITLE STATEMENT | |
| Title | İşte Yalova / |
| Statement of responsibility, etc. | Hazırlayan İbrahim Yurdagül. |
| 264 #1 - PRODUCTION, PUBLICATION, DISTRIBUTION, MANUFACTURE, AND COPYRIGHT NOTICE | |
| Place of production, publication, distribution, manufacture | [Yalova] : |
| Name of producer, publisher, distributor, manufacturer | MARPAR, |
| Date of production, publication, distribution, manufacture, or copyright notice | 2001. |
| 300 ## - PHYSICAL DESCRIPTION | |
| Extent | 540 s. : |
| Other physical details | rnk.res. ,tabl. ; |
| Dimensions | 21 cm. |
| 590 ## - LOCAL NOTE (RLIN) | |
| Local note | Sayın Ahmet Şağar tarafından bağışlanmıştır. |
| 651 ## - SUBJECT ADDED ENTRY--GEOGRAPHIC NAME | |
| Geographic name | Yalova (Türkiye) |
| Form subdivision | Rehberler |
| 9 (RLIN) | 52633 |
| Geographic name | Yalova (Türkiye) |
| General subdivision | Tarih |
| 9 (RLIN) | 52634 |
| 700 ## - ADDED ENTRY--PERSONAL NAME | |
| Personal name | Yurdagül, İbrahim |
| 9 (RLIN) | 52629 |
| 710 #2 - ADDED ENTRY--CORPORATE NAME | |
| Corporate name or jurisdiction name as entry element | Marmara Piyasa Araştırmaları Merkezi |
| 9 (RLIN) | 52630 |
| 902 ## - LOCAL DATA ELEMENT B, LDB (RLIN) | |
| a | 0027979 |
| 903 ## - LOCAL DATA ELEMENT C, LDC (RLIN) | |
| a | Merkez Kutuphane |
| 942 ## - ADDED ENTRY ELEMENTS (KOHA) | |
| Koha item type | Book |
| Source of classification or shelving scheme | Library of Congress Classification |
| 945 ## - LOCAL PROCESSING INFORMATION (OCLC) | |
| a | SC, CS |
| Withdrawn status | Lost status | Source of classification or shelving scheme | Not for loan | Collection code | Home library | Current library | Shelving location | Date acquired | Source of acquisition | Cost, normal purchase price | Serial Enumeration / chronology | Inventory number | Total Checkouts | Total Holds | Full call number | Barcode | Copy number | Date shelved | Koha item type | Public note | Date last seen |
|---|---|---|---|---|---|---|---|---|---|---|---|---|---|---|---|---|---|---|---|---|---|
| Library of Congress Classification | Ödünç Verilebilir / Available | Genel Koleksiyon | Merkez Kütüphane | Merkez Kütüphane | Genel Koleksiyon / Main Collection | 03/12/2009 | Bağış / Donation | 0.01 | 1 | TAR | DR741.Y35 İ88 2001 | 0027979 | 1 | 21/04/2010 | Book | Donated by Ahmet Sağar | |||||
| Other/Generic Classification Scheme | Ödünç Verilemez-Kurumiçi kullanım / Not for loan-For inhouse use | TOBB Kütüphanesi Bağış Koleksiyonu - Klasik | Merkez Kütüphane | Merkez Kütüphane | TOBB Bağışı Koleksiyonu / TOBB Gift Collection | 01/07/2005 | TOBB Devir / TOBB Transfer | TAR | TOBBK DR741.Y35 İ88 2001 c.2 | T010112 | 2 | 06/04/2023 | Book | Donated by TOBB | 06/04/2023 |
